000 00605nam a2200169 4500
001 126567
003 ES-MaACL
005 20250814002841.0
007 t|
008 070214s1981 sp r ||||1| spa d
110 2 _aSociedad Española de Neuropsiquiatría Infantil.
_bReunión Nacional
_n(12ª.
_d1980.
_cMurcia)
_9219301
245 1 0 _aDuodécima Reunión Nacional de la Sociedad Española de Neuropsiquiatría Infantil
_b: libro de actas.
260 _aMurcia :
_b[s.n.],
_c1981 (
_fSuc. de Nogués)
300 _a164 p. ;
_c22 cm.
852 _aES-MaACL
_jL-2276
_bR.103193
999 _c126567
_d126567